MARC details
| 000 -LEADER |
| campo de control de longitud fija |
02578nam a22002657a 4500 |
| 003 - IDENTIFICADOR DE NÚMERO DE CONTROL |
| campo de control |
CoMeUDC |
| 005 - FECHA Y HORA DE LA ÚLTIMA TRANSACCIÓN |
| campo de control |
20230622163001.0 |
| 008 - DATOS DE LONGITUD FIJA--INFORMACIÓN GENERAL |
| campo de control de longitud fija |
230622b ||||| |||| 00| 0 eng d |
| 020 ## - NÚMERO INTERNACIONAL ESTÁNDAR DEL LIBRO |
| Número Internacional Estándar del Libro |
9508910488 |
| 020 ## - NÚMERO INTERNACIONAL ESTÁNDAR DEL LIBRO |
| Número Internacional Estándar del Libro |
9789508910486 |
| 040 ## - FUENTE DE CATALOGACIÓN |
| Centro/agencia transcriptor |
CO-UdeC |
| Centro/agencia modificador |
CO-UdeC |
| Normas de descripción |
AARC |
| -- |
ISBD |
| 082 ## - NÚMERO DE LA CLASIFICACIÓN DECIMAL DEWEY |
| Número de clasificación |
346.031 |
| Número de ítem |
P695 |
| 100 ## - ENTRADA PRINCIPAL--NOMBRE DE PERSONA |
| 9 (RLIN) |
2406 |
| Nombre de persona |
Pizarro, Ramón Daniel |
| Término indicativo de función/relación |
autor |
| 245 ## - MENCIÓN DEL TÍTULO |
| Título |
Instituciones de derecho privado Obligaciones 2 : |
| Resto del título |
Cumplimiento. Tutela satisfactiva, conservatoria, resolutoria y resarcitoria del crédito. Teoría general del incumplimiento obligacional / |
| Mención de responsabilidad, etc. |
Ramón Daniel Pizarro, Carlos Gustavo Vallespinos. |
| 260 ## - PUBLICACIÓN, DISTRIBUCIÓN, ETC. |
| Lugar de publicación, distribución, etc. |
Buenos Aires : |
| Nombre del editor, distribuidor, etc. |
Hammurabi, |
| Fecha de publicación, distribución, etc. |
2006. |
| 300 ## - DESCRIPCIÓN FÍSICA |
| Extensión |
697 p. ; |
| Dimensiones |
24 cm. |
| 504 ## - NOTA DE BIBLIOGRAFÍA, ETC. |
| Nota de bibliografía, etc. Nota |
Incluye bibliografía. |
| 505 ## - NOTA DE CONTENIDO CON FORMATO |
| Nota de contenido con formato |
Tutela satisfactiva -- Efectos de las obligaciones en general -- El contenido del crédito y la deuda -- El pago o cumplimiento -- Imputación del pago -- Tutela satisfactiva (cont.) y resolutoria del crédito -- Ejecución específica -- Sanciones conminatorias o astreintes -- Ejecución por un tercero -- Acciones directas -- Acción revocatoria -- La ejecución forzada colectiva. El concurso preventivo y la quiebra. Nociones -- Tutela resolutoria del crédito. Nociones -- Dinámica de la garantía común. Tutela conservatoria del crédito -- El patrimonio del deudor como prenda común de los acreedores -- Tutela conservatoria del crédito -- Acción subrogatoria -- Acción de simulación -- Acción de separación de patrimonios. Nociones generales -- Dinámica de la garantía común. Tutela conservatoria del crédito -- Teoría general de los privilegios -- Clasificación de los privilegios -- El orden de los privilegios. Conflicto de privilegios -- El derecho de retención -- Tutela resarcitoria del crédito. Teoría general del incumplimiento obligacional -- La responsabilidad civil. Aspectos generales -- Responsabilidad civil contractual y extracontractual. Unidad sistemática de la materia y doble régimen legal -- Incumplimiento obligacional. La antijuricidad -- Mora del deudor -- Dinámica de la garantía común (cont.) Teoría general del incumplimiento obligacional -- El factor de atribución. La cuestión en el incumplimiento obligacional -- Factores subjetivos de atribución -- Los factores objetivos de atribución -- El daño |
| 546 ## - NOTA DE IDIOMA |
| Nota de lengua/lenguaje |
Español. |
| 650 #0 - PUNTO DE ACCESO ADICIONAL DE MATERIA--TÉRMINO DE MATERIA |
| 9 (RLIN) |
866 |
| Término de materia o nombre geográfico como elemento de entrada |
Derecho civil |
| Subdivisión general |
Obligaciones |
| 700 ## - ENTRADA AGREGADA--NOMBRE PERSONAL |
| 9 (RLIN) |
2407 |
| Nombre de persona |
Vallespinos, Carlos Gustavo |
| Término indicativo de función/relación |
autor |
| 700 ## - ENTRADA AGREGADA--NOMBRE PERSONAL |
| 9 (RLIN) |
2408 |
| Nombre de persona |
Azar, Aldo Marcelo |
| Término indicativo de función/relación |
colaborador |
| 700 ## - ENTRADA AGREGADA--NOMBRE PERSONAL |
| 9 (RLIN) |
2409 |
| Nombre de persona |
Jure de Obeide, Angélica |
| Término indicativo de función/relación |
colaborador |
| 942 ## - ELEMENTOS DE ENTRADA SECUNDARIOS (KOHA) |
| Fuente del sistema de clasificación o colocación |
Clasificación Decimal Dewey |
| Tipo de ítem Koha |
Libros |